| 000 | 01150cam a2200217 4500 | ||
|---|---|---|---|
| 001 | L136608 | ||
| 008 | 070212n2005 000 0 eng u | ||
| 020 | _a1741071011 | ||
| 035 | _a(Sirsi) u136608 | ||
| 041 | 0 | _aeng | |
| 100 | 1 | _aAwil, Ahmed Usman | |
| 245 | 0 | 4 |
_aThe role of government in internationalisation of Malaysian housing developers _h[electronic resource] |
| 260 |
_aBrisbane _bQueensland University of Technology _c2005 |
||
| 490 | 0 |
_aCOBRA _v2005 |
|
| 520 | _aDiscusses the competitive advantages that Malaysian housing developer's possess in terms of political leadership. Reports that governmental initiatives have been important in leading Malaysian developers to certain developing countries, yet that developers have not exploited those opportunities by changing their practices within Malaysia or by focusing on internationalisation. | ||
| 651 | 4 | _aMALAYSIA | |
| 690 | _aPROPERTY-RESIDENTIAL PROPERTY-RESIDENTIAL PROPERTY DEVELOPMENT | ||
| 700 | 1 | _aAziz, Abdul Rashid Abdul | |
| 856 | 4 | 0 |
_uhttps://www.rics.org/site/scripts/download_info.aspx?downloadID=1742 _zView the item free of charge at www.rics.org... |
| 942 | _n0 | ||
| 999 |
_c106453 _d106453 |
||